000 00442pab a2200169 454500
008 180718b2005 xxu||||| |||| 00| 0 eng d
100 _aEmmerij, Louis
245 _aEconomic and social thinking at the UN in historical perspective
260 _c2005
300 _ap.211-35.
362 _aMar
650 _aUnited Nations
700 _aWeiss, Thomas G.
700 _aJolly, Richard
773 _aDevelopment and Change
909 _a66164
999 _c66164
_d66164